|
|
|
|
| LEADER |
00000cam a2200000 7i4500 |
| 001 |
0000152397 |
| 005 |
20240529.0 |
| 008 |
240520s2023 my a x k may |
| 020 |
|
|
|a 9789672459989
|
| 040 |
|
|
|a PERPUSTAM
|b eng
|c PERPUSTAM
|e rda
|
| 041 |
|
|
|a may
|
| 090 |
0 |
0 |
|a 155.232
|b AMI
|
| 100 |
0 |
|
|a Amir Syahir
|c Dr ,
|e author
|
| 245 |
1 |
0 |
|a Kenapa Kerja Tak Habis Habis? :
|b Bagaimana Obsesi Mengejar Kejayaan Akhirnya Membebankan Diri
|c Dr Amir Syahir, Fakhrur Radzi ; Ketua Editor: Rahmah Pauzi ; Editor: Fakhrur Radzi Ahmad Fuad ; Editor Naskhah: Ahmad Muziru Idham Adnan
|
| 264 |
|
1 |
|a Kajang, Selangor :
|b IMAN PUBLICATION SDN BHD
|c 2023
|
| 300 |
|
|
|a 225 pages :
|b colour illustrations ;
|c 21 cm.
|
| 336 |
|
|
|a text
|2 rdacontent
|
| 337 |
|
|
|a unmediated
|2 rdamedia
|
| 338 |
|
|
|a volume
|2 rdacarrier
|
| 650 |
1 |
0 |
|a Workaholism
|
| 650 |
2 |
0 |
|a Conduct of life
|
| 650 |
2 |
0 |
|a Job stress
|
| 650 |
2 |
0 |
|a Self-actualization (Psychology)
|
| 650 |
2 |
0 |
|a Workaholics
|
| 700 |
0 |
|
|a Ahmad Muziru Idham Adnan ,
|e editor
|
| 700 |
0 |
|
|a Fakhrur Radzi ,
|e author ,
|e editor
|
| 700 |
0 |
|
|a Rahmah Pauzi ,
|e editor
|
| 999 |
|
|
|a 0000802113
|b Buku
|c Rak Terbuka
|e Perbadanan Perpustakaan Awam Melaka
|
| 999 |
|
|
|a 0000802114
|b Buku
|c Rak Terbuka
|e Perbadanan Perpustakaan Awam Melaka
|
| 999 |
|
|
|a 0000802115
|b Buku
|c Rak Terbuka
|e Perbadanan Perpustakaan Awam Melaka
|
| 999 |
|
|
|a 0000802116
|b Buku
|c Rak Terbuka
|e Perpustakaan Cawangan Jasin
|
| 999 |
|
|
|a 0000802117
|b Buku
|c Rak Terbuka
|e Perpustakaan Cawangan Masjid Tanah
|
| 999 |
|
|
|a 0000802118
|b Buku
|c Rak Terbuka
|e Perpustakaan Cawangan Merlimau
|
| 999 |
|
|
|a 0000802119
|b Buku
|c Rak Terbuka
|e Perpustakaan Komuniti UTC Melaka
|
| 999 |
|
|
|a 0000802120
|b Buku
|c Rak Terbuka
|e Perbadanan Perpustakaan Awam Melaka
|
| 999 |
|
|
|a 0000802121
|b Buku
|c Rak Terbuka
|e PK Aeon Jaya Jusco
|
| 999 |
|
|
|a 0000802122
|b Buku
|c Rak Terbuka
|e Perpustakaan Desa Asahan
|
| 999 |
|
|
|a 0000802123
|b Buku
|c Rak Terbuka
|e Perbadanan Perpustakaan Awam Melaka
|